తెలంగాణ నగరాలు - ఆకస్మిక మరణం - Statistics

General Stats
  • This quiz has been taken 66 times
  • The average score is 7 of 20
Answers on the Grid
Answers color-coded by a green-red scale on the quiz's grid according to % correct below.
విశాఖపట్నం
కరీంనగరము
కర్నూలు
ఓరుగల్లు
విజయవాడ
ఖమ్మం
గుంటూరు
చిత్తూరు
భద్రాచలం
మచిలీపట్టణం
మైసూరు
మార్కాపురం
జగిత్యాల
కడప
చీరాల
ఆర్మూరు
నాగర్‌కర్నూలు
వెల్లూరు
హైదరాబాదు
వికారాబాదు
తాడేపల్లి
నిజామాబాదు
హనంకొండ
రాయచోటి
శ్రీకాళహస్తి
మంచిర్యాల
దొనకొండ
సిరిసిల్ల
రామేశ్వరం
సిద్ధిపేట
తిరుచిరాపల్లి
మిర్యాలగూడ
చెన్నపట్నం
జహీరాబాదు
నల్గొండ
విజయనగరం
సూర్యాపేట
నరసరావుపేట
ఆదిలాబాదు
రామగుండం
 
Answer Stats
Answer % Correct
కరీంనగరము
78%
ఖమ్మం
65%
ఓరుగల్లు
43%
భద్రాచలం
43%
హైదరాబాదు
39%
జగిత్యాల
35%
ఆర్మూరు
30%
నాగర్‌కర్నూలు
30%
వికారాబాదు
26%
నిజామాబాదు
26%
హనంకొండ
26%
సిద్ధిపేట
26%
మిర్యాలగూడ
26%
జహీరాబాదు
26%
రామగుండం
26%
మంచిర్యాల
22%
సిరిసిల్ల
22%
నల్గొండ
22%
సూర్యాపేట
22%
ఆదిలాబాదు
22%
No matching quizzes found
Score Distribution
Percent of People with Each Score
Percentile by Number Answered
Your Score History
You have not taken this quiz